MyGZULibrary

Constitutional law in a nutshell / (Record no. 9305)

MARC details
000 -LEADER
fixed length control field 01582cam a2200361 i 4500
001 - CONTROL NUMBER
control field 17892057
003 - CONTROL NUMBER IDENTIFIER
control field GZU
005 - DATE AND TIME OF LATEST TRANSACTION
control field 20210611094806.0
008 - FIXED-LENGTH DATA ELEMENTS--GENERAL INFORMATION
fixed length control field 130919s2013 mnu 001 0 eng
010 ## - LIBRARY OF CONGRESS CONTROL NUMBER
LC control number 2013417248
020 ## - INTERNATIONAL STANDARD BOOK NUMBER
International Standard Book Number 9780314281944
040 ## - CATALOGING SOURCE
Original cataloging agency DLC
Language of cataloging eng
Transcribing agency DLC
Description conventions rda
042 ## - AUTHENTICATION CODE
Authentication code pcc
043 ## - GEOGRAPHIC AREA CODE
Geographic area code n-us---
050 00 - LIBRARY OF CONGRESS CALL NUMBER
Classification number KF4550.Z9
Item number B35 2013
100 1# - MAIN ENTRY--PERSONAL NAME
Personal name Barron, Jerome A.
Relator term author.
245 10 - TITLE STATEMENT
Title Constitutional law in a nutshell /
Statement of responsibility, etc. by Jerome A. Barron, Harold H. Green Professor of Law Emeritus George Washington University Law School;C. Thomas Dienes, Lyle T. Averson Professor of Law Emeritus George Washington University Law School.
246 18 - VARYING FORM OF TITLE
Title proper/short title Constitutional law
250 ## - EDITION STATEMENT
Edition statement Eighth edition.
264 #1 - PRODUCTION, PUBLICATION, DISTRIBUTION, MANUFACTURE, AND COPYRIGHT NOTICE
Place of production, publication, distribution, manufacture St. Paul, MN :
Name of producer, publisher, distributor, manufacturer West,
Date of production, publication, distribution, manufacture, or copyright notice [2013]
300 ## - PHYSICAL DESCRIPTION
Extent lxxii, 705 pages ;
Dimensions 19 cm.
336 ## - CONTENT TYPE
Content type term text
Source rdacontent
337 ## - MEDIA TYPE
Media type term unmediated
Source rdamedia
338 ## - CARRIER TYPE
Carrier type term volume
Source rdacarrier
490 0# - SERIES STATEMENT
Series statement West nutshell series
500 ## - GENERAL NOTE
General note Includes index.
505 0# - FORMATTED CONTENTS NOTE
Formatted contents note Judicial review and its limits -- National legislative powers -- State power in American federalism -- Congress and the executive power -- Due process of law -- Equal protection -- Freedom of expression -- Freedom of religion -- State action -- Congressional legislation in aid of civil rights and liberties.
650 #0 - SUBJECT ADDED ENTRY--TOPICAL TERM
Topical term or geographic name entry element Constitutional law
Geographic subdivision United States.
700 1# - ADDED ENTRY--PERSONAL NAME
Personal name Dienes, C. Thomas.
Relator term author.
906 ## - LOCAL DATA ELEMENT F, LDF (RLIN)
a 7
b cbc
c origcop
d 2
e ncip
f 20
g y-gencatlg
942 ## - ADDED ENTRY ELEMENTS (KOHA)
Source of classification or shelving scheme Library of Congress Classification
Koha item type Books
Edition 8th
Classification part 4550
Item part BAR
Call number prefix KF
Call number suffix 2013
Holdings
Withdrawn status Lost status Damaged status Not for loan Collection code Home library Current library Shelving location Date acquired Total Checkouts Full call number Barcode Date last seen Copy number Price effective from Koha item type
        Non-fiction Law Library Law Library General Stacks 06/11/2021   KF4550 BAR 2013 027855 06/11/2021 c.1 06/11/2021 Books